[Event "Bay Area International"]
[Site "?"]
[Date "2014.01.08"]
[Round "9"]
[White "Gurevich, Daniel"]
[Black "Santarius, Erik"]
[Result "1-0"]
[WhiteElo "2272"]
[BlackElo "2343"]
[PlyCount "83"]
[EventDate "2014.??.??"]

1. e4 d6 2. d4 Nf6 3. Nc3 e5 4. Nf3 Nbd7 5. Bc4 Be7 6. O-O O-O 7. a4 a6 8. Qe2
b6 9. Rd1 exd4 10. Nxd4 Bb7 11. Bf4 g6 12. Bh6 Re8 13. Bxf7+ Kxf7 14. Ne6 Kxe6
15. Qc4+ d5 16. Rxd5 Bf8 17. Bg5 h6 18. Rad1 Bxd5 19. Nxd5 Kf7 20. Nxf6+ Re6
21. Rxd7+ Qxd7 22. Nxd7 hxg5 23. Ne5+ Kf6 24. Ng4+ Kf7 25. Qxc7+ Be7 26. Qc4
Rd8 27. h3 Bc5 28. c3 a5 29. e5 Ke7 30. Qe4 Rd1+ 31. Kh2 Rd2 32. Qb7+ Rd7 33.
Qa8 Rd8 34. Qe4 Rd2 35. Qb7+ Rd7 36. Qf3 Rd2 37. b3 Rd8 38. Qe4 Rd2 39. Kg3 Kf7
40. Qb7+ Be7 41. Nh6+ Kg7 42. Qc8 1-0

[Event "Bay Area International"]
[Site "?"]
[Date "2014.01.08"]
[Round "9"]
[White "Hendrickson, Nolan"]
[Black "Anderson, Michael"]
[Result "1-0"]
[WhiteElo "2145"]
[BlackElo "1886"]
[PlyCount "65"]
[EventDate "2014.??.??"]

1. e4 c5 2. Nc3 e6 3. f4 a6 4. Nf3 d6 5. g3 Nc6 6. Bg2 Bd7 7. O-O Be7 8. d3 b5
9. h3 b4 10. Ne2 h5 11. Qe1 Ra7 12. Qf2 f5 13. exf5 exf5 14. Ng5 Nf6 15. d4 d5
16. dxc5 Ne4 17. Bxe4 dxe4 18. h4 Bf6 19. Rd1 Qc8 20. Rb1 Be6 21. b3 Rd7 22.
Be3 Bxg5 23. hxg5 Kf7 24. Rd6 Ne7 25. Rbd1 Rhd8 26. Rxd7 Rxd7 27. Nd4 Nd5 28.
c6 Rc7 29. Qe2 g6 30. Qd2 Nc3 31. Nxe6 Qxe6 32. Qd6 Ne2+ 33. Kf2 1-0

[Event "Bay Area International"]
[Site "?"]
[Date "2014.01.08"]
[Round "9"]
[White "Hernandez, Holden"]
[Black "Vibbert, Sean"]
[Result "0-1"]
[WhiteElo "2548"]
[BlackElo "2333"]
[PlyCount "86"]
[EventDate "2014.??.??"]

1. d4 d5 2. c4 c6 3. Nf3 Nf6 4. Qb3 dxc4 5. Qxc4 Bf5 6. g3 Nbd7 7. Bg2 e6 8.
O-O Be7 9. Rd1 O-O 10. e3 Ne4 11. Qe2 h6 12. Nc3 Nxc3 13. bxc3 Be4 14. Nd2 Bxg2
15. Kxg2 Qa5 16. Bb2 Nb6 17. c4 Na4 18. Rab1 b5 19. Ba1 Bb4 20. cxb5 cxb5 21.
d5 Bc3 22. Ne4 Bxa1 23. Rxa1 f5 24. Nd6 Nc3 25. Qd2 b4 26. dxe6 Qe5 27. Qd4
Qxe6 28. Rd3 Rad8 29. Qxb4 Nd5 30. Qc5 Rxd6 31. Rad1 Rfd8 32. Kg1 Kh7 33. Qxa7
f4 34. exf4 Nxf4 35. Rxd6 Rxd6 36. Qa4 Qe2 37. Rf1 Nh3+ 38. Kg2 Rf6 39. Qd1
Rxf2+ 40. Rxf2 Qxd1 41. Kxh3 Qg1 42. Rf7 h5 43. a4 Kh6 0-1

[Event "Bay Area International"]
[Site "?"]
[Date "2014.01.08"]
[Round "9"]
[White "Ipatov, Alexander"]
[Black "Shankland, Sam"]
[Result "1/2-1/2"]
[WhiteElo "2615"]
[BlackElo "2602"]
[PlyCount "81"]
[EventDate "2014.??.??"]

1. d4 Nf6 2. c4 g6 3. Nc3 d5 4. cxd5 Nxd5 5. Bd2 Bg7 6. e4 Nb6 7. Be3 O-O 8.
Qd2 Nc6 9. O-O-O f5 10. Nh3 fxe4 11. Ng5 Bg4 12. Be2 Bxe2 13. Qxe2 Qd7 14. Qc2
Nd5 15. Qxe4 Ncb4 16. Qe6+ Qxe6 17. Nxe6 Rf6 18. Nxg7 Kxg7 19. Rhe1 Raf8 20. f3
Rc6 21. Kd2 Rc4 22. Rc1 Nxe3 23. Kxe3 Rf6 24. a3 Re6+ 25. Ne4 Nc2+ 26. Kf2 Rec6
27. Nd2 Nxe1 28. Rxc4 Nd3+ 29. Ke3 Nxb2 30. Rxc6 bxc6 31. h4 h6 32. g4 Kf6 33.
Ke4 Na4 34. Nb3 e6 35. Nc5 Nxc5+ 36. dxc5 e5 37. f4 exf4 38. Kxf4 Ke6 39. Ke4
a5 40. a4 Kf6 41. Kf4 1/2-1/2

[Event "Bay Area International"]
[Site "?"]
[Date "2014.01.08"]
[Round "9"]
[White "Kaufman, Ray"]
[Black "Melekhina, Alisa"]
[Result "1-0"]
[WhiteElo "2301"]
[BlackElo "2188"]
[PlyCount "31"]
[EventDate "2014.??.??"]

1. d4 Nf6 2. c4 c5 3. d5 b5 4. cxb5 a6 5. bxa6 g6 6. Nc3 Bxa6 7. e4 Bxf1 8.
Kxf1 d6 9. g3 Bg7 10. Kg2 O-O 11. Nf3 Nbd7 12. a4 Ra6 13. Qc2 Qb6 14. Nb5 Rc8
15. Bd2 c4 16. Bb4 1-0

[Event "Bay Area International"]
[Site "?"]
[Date "2014.01.08"]
[Round "9"]
[White "Klotz-Burwell, Hunter"]
[Black "Manvelyan, Hovik"]
[Result "1-0"]
[WhiteElo "2006"]
[BlackElo "1955"]
[PlyCount "77"]
[EventDate "2014.??.??"]

1. e4 c6 2. d4 g6 3. Nf3 Bg7 4. Be2 d5 5. e5 h6 6. b3 e6 7. c4 a5 8. Nc3 b6 9.
O-O Ba6 10. Ba3 Ne7 11. Rc1 Nf5 12. Re1 Bf8 13. Bb2 Be7 14. cxd5 Bxe2 15. Qxe2
cxd5 16. Nb5 O-O 17. Rc2 Na6 18. a3 Qd7 19. Rec1 Rfc8 20. g4 Ng7 21. Ne1 Ne8
22. Rxc8 Rxc8 23. Rxc8 Qxc8 24. Qc2 Qd7 25. Nc3 b5 26. Qd3 Nec7 27. Bc1 Kh7 28.
Qh3 Bf8 29. Bxh6 Bxh6 30. g5 Qe7 31. Qxh6+ Kg8 32. Nb1 a4 33. bxa4 bxa4 34. Nc2
Nb5 35. Nd2 Qc7 36. Ne3 Qc1+ 37. Kg2 Nb8 38. Ng4 Nd7 39. Nf6+ 1-0

[Event "Bay Area International"]
[Site "?"]
[Date "2014.01.08"]
[Round "9"]
[White "Kovalyov, Anton"]
[Black "Margvelashvili, Giorgi"]
[Result "1/2-1/2"]
[WhiteElo "2617"]
[BlackElo "2555"]
[PlyCount "145"]
[EventDate "2014.??.??"]

1. c4 Nf6 2. Nf3 g6 3. Nc3 Bg7 4. e4 d6 5. d4 O-O 6. Be2 e5 7. Be3 c6 8. O-O
exd4 9. Bxd4 Re8 10. Qc2 Nbd7 11. Rfe1 b6 12. Be3 Qe7 13. Nd2 Ne5 14. Bf4 Nfd7
15. Bg3 Nc5 16. Rad1 Ne6 17. Nf1 h5 18. f3 h4 19. Bf2 Nf4 20. Qd2 Qf6 21. Be3
Bh6 22. Bxf4 Bxf4 23. Qd4 Nd7 24. Qf2 Be5 25. Ne3 Nc5 26. Rd2 a5 27. Bd1 Bd7
28. Na4 Rab8 29. g3 hxg3 30. hxg3 Kg7 31. Ng2 Ne6 32. f4 Bd4 33. Ne3 Nxf4 34.
Qxf4 Qxf4 35. gxf4 Rxe4 36. Kf2 Rxf4+ 37. Kg3 Be5 38. Kg2 b5 39. cxb5 Rxb5 40.
Nf1 Bd4 41. Kg3 Be5 42. Rxe5 dxe5 43. Rxd7 Rxf1 44. Be2 Rg1+ 45. Kf2 Rc1 46.
Bxb5 cxb5 47. Nc3 Rc2+ 48. Ke3 Rxb2 49. Ne4 Rxa2 50. Ng5 Kf6 51. Ne4+ Kg7 52.
Ng5 Rg2 53. Nxf7 Kf6 54. Rb7 Rb2 55. Nd8 a4 56. Rf7+ Kg5 57. Rf1 a3 58. Nf7+
Kh5 59. Rh1+ Kg4 60. Nxe5+ Kf5 61. Nd3 Rb3 62. Rf1+ Kg5 63. Kd4 Kh6 64. Ra1 g5
65. Nc5 Rh3 66. Nd3 Rh4+ 67. Kc5 Ra4 68. Kxb5 Ra8 69. Kb4 g4 70. Rxa3 Rxa3 71.
Kxa3 g3 72. Nf4 g2 73. Nxg2 1/2-1/2

[Event "Bay Area International"]
[Site "?"]
[Date "2014.01.08"]
[Round "9"]
[White "Lobo, Richard"]
[Black "Iyengar, Udit"]
[Result "1/2-1/2"]
[WhiteElo "2242"]
[BlackElo "2031"]
[PlyCount "81"]
[EventDate "2014.??.??"]

1. Nf3 d5 2. g3 Nf6 3. Bg2 g6 4. b3 Bg7 5. Bb2 O-O 6. O-O c5 7. e3 Nc6 8. d4 b6
9. c4 Bb7 10. Qe2 Qc7 11. dxc5 bxc5 12. cxd5 Nb4 13. Nbd2 Nbxd5 14. Rfc1 Rac8
15. Be5 Qd7 16. a3 Qe6 17. Qc4 Ba6 18. Qc2 h6 19. Qb2 Rfd8 20. Nc4 Nb6 21. Nfd2
Ne8 22. Bxg7 Nxg7 23. Rc2 Rb8 24. Na5 Rdc8 25. Qc1 Nd7 26. Bf1 Bxf1 27. Qxf1
Ne5 28. Nac4 Nf5 29. Rac1 h5 30. h4 Nd6 31. Nxe5 Qxe5 32. Qd3 Nf5 33. Qc3 Qe6
34. Qc4 Qe5 35. Nf3 Qf6 36. Qc3 Qe6 37. Nd2 Nd6 38. Qd3 Rd8 39. Qa6 Qg4 40. Qf1
Ne4 41. Nxe4 1/2-1/2

[Event "Bay Area International"]
[Site "?"]
[Date "2014.01.08"]
[Round "9"]
[White "Naroditsky, Daniel"]
[Black "Friedel, Josh"]
[Result "1-0"]
[WhiteElo "2535"]
[BlackElo "2490"]
[PlyCount "125"]
[EventDate "2014.??.??"]

1. e4 c5 2. Nf3 e6 3. d4 cxd4 4. Nxd4 Nc6 5. Nc3 a6 6. Be3 Nf6 7. Be2 d6 8. O-O
Be7 9. f4 O-O 10. Kh1 Bd7 11. Nb3 b5 12. Bf3 Rb8 13. g4 b4 14. Ne2 d5 15. e5
Ne4 16. Ng3 Nxg3+ 17. hxg3 Na5 18. Rf2 Nc4 19. Bd4 Qc7 20. Rh2 f6 21. exf6 Bxf6
22. g5 Nxb2 23. Qg1 Bxd4 24. Nxd4 Qc3 25. Re1 Rbe8 26. Qf2 g6 27. Qd2 Qxd2 28.
Rxd2 Na4 29. Rde2 Nc5 30. Kg2 Rc8 31. Re3 a5 32. c3 bxc3 33. Rxc3 Ne4 34. Rxc8
Rxc8 35. Bxe4 dxe4 36. Kf2 Rc3 37. Rxe4 Rc4 38. Ke3 Ra4 39. Ne2 Rxa2 40. Rd4
Be8 41. Nc3 Rg2 42. Ne4 Bb5 43. Rd8+ Kg7 44. Ra8 a4 45. Ra7+ Kf8 46. Kd4 Bc6
47. Nc5 Rd2+ 48. Ke3 Rg2 49. Nxe6+ Ke8 50. Kd4 Re2 51. Nc5 Rd2+ 52. Ke3 Rg2 53.
Rxh7 a3 54. Ra7 Rxg3+ 55. Kd4 Rf3 56. Ke5 Bb5 57. Ne4 Kd8 58. Nd6 Bf1 59. f5
gxf5 60. g6 Rg3 61. g7 Bg2 62. Nxf5 Rg6 63. Nh6 1-0

[Event "Bay Area International"]
[Site "?"]
[Date "2014.01.08"]
[Round "9"]
[White "Odondo, Ganbold"]
[Black "Breckenridge, Steven"]
[Result "1-0"]
[WhiteElo "2335"]
[BlackElo "2342"]
[PlyCount "93"]
[EventDate "2014.??.??"]

1. e4 e5 2. Nc3 Nf6 3. Bc4 Nxe4 4. Qh5 Nd6 5. Bb3 Be7 6. Nf3 Nc6 7. Nxe5 g6 8.
Nxc6 dxc6 9. Qf3 O-O 10. g4 Re8 11. d3 Bg5+ 12. Kd1 Bxc1 13. Rxc1 Qg5 14. h3
Kh8 15. Qg3 Be6 16. f4 Qc5 17. Kd2 a5 18. Rce1 a4 19. Bxe6 fxe6 20. a3 b5 21.
Re5 Qd4 22. Kc1 b4 23. Ne2 Qb6 24. Qe3 bxa3 25. bxa3 Nf7 26. Re4 c5 27. Nc3 Qd6
28. Rc4 e5 29. f5 gxf5 30. gxf5 Qf6 31. Nd5 Qxf5 32. Nxc7 Nd6 33. Rxc5 Nb7 34.
Rc4 Na5 35. Rg4 Qf8 36. Rb4 Nc6 37. Nxe8 Rxe8 38. Rxa4 e4 39. d4 Qg8 40. d5 Qg7
41. Rg1 Qa1+ 42. Kd2 Qe5 43. dxc6 Rd8+ 44. Ke1 Qa1+ 45. Ke2 Qe5 46. Rc4 Qh2+
47. Ke1 1-0

[Event "Bay Area International"]
[Site "?"]
[Date "2014.01.08"]
[Round "9"]
[White "Piasetski, Leon"]
[Black "Chevannes, Sabrina"]
[Result "1/2-1/2"]
[WhiteElo "2289"]
[BlackElo "2176"]
[PlyCount "21"]
[EventDate "2014.??.??"]

1. g3 d5 2. f4 c5 3. Bg2 Nc6 4. Nf3 h5 5. d3 e6 6. O-O Be7 7. e4 h4 8. gxh4
Bxh4 9. Nc3 Be7 10. Qe1 Nf6 11. Ne5 1/2-1/2

[Event "Bay Area International"]
[Site "?"]
[Date "2014.01.08"]
[Round "9"]
[White "Roiz, Michael"]
[Black "Macieja, Bartlomiej"]
[Result "1/2-1/2"]
[WhiteElo "2614"]
[BlackElo "2583"]
[PlyCount "142"]
[EventDate "2014.??.??"]

1. Nf3 d5 2. d4 Nf6 3. c4 e6 4. Bg5 Bb4+ 5. Nc3 dxc4 6. a3 Bxc3+ 7. bxc3 c5 8.
e3 cxd4 9. exd4 Nbd7 10. Bxc4 Qc7 11. Qd3 O-O 12. O-O b6 13. Rfe1 Bb7 14. Ba2
Rac8 15. c4 Rfe8 16. Rad1 Bxf3 17. Qxf3 e5 18. d5 Qd6 19. Qg3 Rc7 20. Bd2 g6
21. Bb4 Nc5 22. Bb1 a5 23. Bd2 Ncd7 24. Rc1 Rec8 25. Qb3 Nc5 26. Qb2 Ncd7 27.
Bd3 e4 28. Bxe4 Rxc4 29. Rxc4 Rxc4 30. Bf3 Rc8 31. Bc3 Re8 32. Rxe8+ Nxe8 33.
h4 f6 34. a4 Ne5 35. Be4 Nc7 36. Bd4 Nd7 37. Qc1 Kf7 38. h5 Nxd5 39. Qc4 Ke6
40. hxg6 hxg6 41. Bxg6 Qc7 42. Qe2+ Ne5 43. Bc2 Kd6 44. Qd1 Ke7 45. Bb3 Nf4 46.
Be3 Ne6 47. Qd5 Nc5 48. Bxc5+ Qxc5 49. Qe6+ Kd8 50. Qxf6+ Kc7 51. g3 b5 52.
axb5 Qxb5 53. Qe7+ Kb6 54. Qd8+ Kc5 55. Qd5+ Kb4 56. Qxb5+ Kxb5 57. f4 Nd3 58.
Kg2 a4 59. Bxa4+ Kxa4 60. Kf3 Kb5 61. Ke4 Nf2+ 62. Kd5 Kb6 63. f5 Kc7 64. Ke6
Kd8 65. Kf7 Ne4 66. g4 Nd6+ 67. Ke6 Ne4 68. Kf7 Nd6+ 69. Kg7 Ke8 70. f6 Nf7 71.
Kg8 Ng5 1/2-1/2

[Event "Bay Area International"]
[Site "?"]
[Date "2014.01.08"]
[Round "9"]
[White "Sevian, Samuel"]
[Black "Rui, Gao"]
[Result "1/2-1/2"]
[WhiteElo "2401"]
[BlackElo "2454"]
[PlyCount "88"]
[EventDate "2014.??.??"]

1. e4 c5 2. Nf3 d6 3. d4 cxd4 4. Nxd4 Nf6 5. Nc3 a6 6. Be3 e5 7. Nb3 Be7 8. f3
Be6 9. Qd2 O-O 10. O-O-O a5 11. Bb5 Na6 12. Qe2 Qb8 13. g4 Nc7 14. Ba4 Rc8 15.
g5 Nh5 16. Kb1 f5 17. gxf6 Nxf6 18. Rhg1 b5 19. Nxb5 Nxb5 20. Qxb5 Qc7 21. Qd3
Rab8 22. Nc1 Kh8 23. Rg2 Qb7 24. c3 d5 25. Ka1 dxe4 26. fxe4 Bf5 27. Qe2 Bxe4
28. Rf2 Rxc3 29. Nb3 Rc2 30. Qe1 Rxf2 31. Bxf2 Bb4 32. Qg1 Bg6 33. Bg3 Qe4 34.
Qh1 Qe2 35. Qf1 Qe4 36. Qh1 Qe2 37. Qf1 Qxf1 38. Rxf1 Ng4 39. a3 Be7 40. h3 Ne3
41. Rc1 Bf6 42. Nxa5 Ra8 43. b4 Nf5 44. Be1 e4+ 1/2-1/2

[Event "Bay Area International"]
[Site "?"]
[Date "2014.01.08"]
[Round "9"]
[White "Shiqun, Ni"]
[Black "Jue, Wang"]
[Result "1/2-1/2"]
[WhiteElo "2299"]
[BlackElo "2396"]
[PlyCount "58"]
[EventDate "2014.??.??"]

1. e4 c5 2. Nf3 e6 3. c4 Nc6 4. Be2 e5 5. Nc3 d6 6. d3 Be7 7. a3 f5 8. Rb1 a5
9. exf5 Bxf5 10. O-O Nf6 11. Nh4 Be6 12. f4 Nd4 13. Nf3 Qc7 14. fxe5 dxe5 15.
Ng5 Bg8 16. Bh5+ g6 17. Bf3 O-O-O 18. Nge4 Nxf3+ 19. Qxf3 Nxe4 20. Nxe4 Be6 21.
Bd2 Rhf8 22. Qe3 Rxf1+ 23. Rxf1 Bf5 24. Bc3 h5 25. Nf2 Bd6 26. Ne4 Be7 27. Nf2
Bd6 28. Ne4 Be7 29. Nf2 Bd6 1/2-1/2

[Event "Bay Area International"]
[Site "?"]
[Date "2014.01.08"]
[Round "9"]
[White "Studen, Damir"]
[Black "Haessel, Dale"]
[Result "1-0"]
[WhiteElo "2285"]
[BlackElo "2211"]
[PlyCount "49"]
[EventDate "2014.??.??"]

1. d4 Nf6 2. Nf3 g6 3. g3 Bg7 4. Bg2 O-O 5. c4 d5 6. cxd5 Nxd5 7. O-O Nb6 8.
Nc3 Nc6 9. d5 Na5 10. e4 c6 11. dxc6 Nxc6 12. Qe2 Bg4 13. Be3 Ne5 14. Rfd1 Qc7
15. Bf4 Rfd8 16. h3 Bxf3 17. Bxf3 Nxf3+ 18. Qxf3 Qc5 19. Rac1 Qb4 20. b3 Rxd1+
21. Nxd1 Qe1+ 22. Kg2 Qa5 23. Rc7 Re8 24. a4 Nxa4 25. bxa4 1-0

[Event "Bay Area International"]
[Site "?"]
[Date "2014.01.08"]
[Round "9"]
[White "Viswanadha, Kesav"]
[Black "Remlinger, Larry"]
[Result "1/2-1/2"]
[WhiteElo "2153"]
[BlackElo "2304"]
[PlyCount "60"]
[EventDate "2014.??.??"]

1. e4 d6 2. d4 Nf6 3. Nc3 e5 4. dxe5 dxe5 5. Qxd8+ Kxd8 6. Bg5 Be6 7. O-O-O+
Kc8 8. f4 exf4 9. e5 h6 10. Bxf4 Ng4 11. Rd2 g5 12. Bg3 Bg7 13. Nf3 Nd7 14. Re2
h5 15. Nxg5 Ngxe5 16. Nxe6 fxe6 17. Bxe5 Nxe5 18. g3 h4 19. gxh4 Kd7 20. Bg2
Rxh4 21. Rhe1 Rh5 22. Bxb7 Rb8 23. Bg2 Nc4 24. Nd1 Bh6+ 25. Kb1 Bd2 26. Rf1
Rxb2+ 27. Nxb2 Na3+ 28. Ka1 Nxc2+ 29. Kb1 Na3+ 30. Ka1 Nc2+ 1/2-1/2

[Event "Bay Area International"]
[Site "?"]
[Date "2014.01.08"]
[Round "9"]
[White "Wang, Michael"]
[Black "Mackenzie, Dana"]
[Result "0-1"]
[WhiteElo "2040"]
[BlackElo "2068"]
[PlyCount "84"]
[EventDate "2014.??.??"]

1. e4 e5 2. Nf3 Nc6 3. Bb5 Nd4 4. Nxd4 exd4 5. O-O g6 6. c3 Bg7 7. cxd4 c6 8.
Bc4 d5 9. exd5 cxd5 10. Bb5+ Kf8 11. Nc3 Ne7 12. d3 Nf5 13. Re1 Be6 14. Bf4
Nxd4 15. Qd2 h6 16. Rac1 Kg8 17. Ba4 a6 18. Ne2 Qh4 19. Nxd4 Bxd4 20. Bb3 Qf6
21. Rc7 g5 22. Be3 Be5 23. Bb6 Bxc7 24. Bxc7 Qe7 25. Be5 Rh7 26. d4 f5 27. f4
g4 28. Qa5 Qd8 29. Qxd8+ Rxd8 30. Bf6 Rd6 31. Rxe6 Rxe6 32. Bxd5 Kf7 33. Be5 b5
34. Kf2 Ke7 35. Bxe6 Kxe6 36. Kg3 Kd5 37. Kh4 Rb7 38. Kh5 Rb6 39. Bg7 Rc6 40.
Bxh6 Rc2 41. Kg5 Rxg2 42. Kxf5 Rxh2 0-1

[Event "Bay Area International"]
[Site "?"]
[Date "2014.01.08"]
[Round "9"]
[White "Wheeler, Cameron"]
[Black "Manvelyan, Hayk"]
[Result "1/2-1/2"]
[WhiteElo "2192"]
[BlackElo "2282"]
[PlyCount "108"]
[EventDate "2014.??.??"]

1. c4 Nf6 2. g3 d6 3. Bg2 Nbd7 4. Nc3 c6 5. Nf3 e5 6. O-O Be7 7. d4 O-O 8. e4
Qc7 9. h3 exd4 10. Nxd4 Re8 11. g4 Nb6 12. g5 Nfd7 13. b3 a5 14. Be3 Nc5 15. f4
a4 16. f5 axb3 17. axb3 Rxa1 18. Qxa1 Nbd7 19. Nce2 Ne5 20. Qe1 Bf8 21. Qg3 Bd7
22. Nf4 Ncd3 23. g6 fxg6 24. fxg6 hxg6 25. Nxd3 Nxd3 26. Qxg6 Ne5 27. Qg3 Re7
28. Nf5 Bxf5 29. exf5 Rf7 30. f6 Qd8 31. Bg5 Qb6+ 32. Kh1 Qd4 33. fxg7 Rxf1+
34. Bxf1 Bxg7 35. Bf6 Qe4+ 36. Bg2 Qb1+ 37. Kh2 Qg6 38. Qxg6 Nxg6 39. Bg5 Be5+
40. Kg1 Bf4 41. Bd8 Be3+ 42. Kf1 Nf4 43. h4 Kf7 44. Bf3 Ne6 45. Bh5+ Kg7 46.
Be7 Bf4 47. b4 Nd4 48. Bd8 Nc2 49. c5 Nxb4 50. Bc7 Na6 51. Bxd6 Be3 52. Bg4
Nxc5 53. Bxc5 Bxc5 54. Bc8 Be7 1/2-1/2

[Event "Bay Area International"]
[Site "?"]
[Date "2014.01.08"]
[Round "9"]
[White "Xiong, Jeffery"]
[Black "Vovsha, Eli"]
[Result "1/2-1/2"]
[WhiteElo "2331"]
[BlackElo "2483"]
[PlyCount "73"]
[EventDate "2014.??.??"]

1. e4 c5 2. Nf3 d6 3. d4 cxd4 4. Nxd4 Nf6 5. Nc3 a6 6. f4 e6 7. Qf3 Qc7 8. Be3
b5 9. a3 Bb7 10. g4 d5 11. e5 Ne4 12. Nxe4 dxe4 13. Qf2 Nd7 14. Bg2 Be7 15. O-O
h5 16. gxh5 Rxh5 17. a4 b4 18. c3 bxc3 19. Rac1 Qa5 20. Rxc3 Bb4 21. Rc2 g6 22.
Rfc1 Qxa4 23. f5 gxf5 24. Qg3 f4 25. Qxf4 Nxe5 26. Bxe4 Bxe4 27. Qxe4 Rd8 28.
Rg2 Bf8 29. Rg8 Qb4 30. Rf1 Qxb2 31. Rf2 Qa1+ 32. Kg2 Qa3 33. Nc6 Rd5 34. Nb4
Rd8 35. Nc6 Rd5 36. Nb4 Rd8 37. Nc6 1/2-1/2

[Event "Bay Area International"]
[Site "?"]
[Date "2014.01.08"]
[Round "9"]
[White "Yang, Darwin"]
[Black "Mikhalevski, Victor"]
[Result "1-0"]
[WhiteElo "2463"]
[BlackElo "2536"]
[PlyCount "67"]
[EventDate "2014.??.??"]

1. d4 Nf6 2. c4 g6 3. f3 e6 4. e4 d5 5. Nc3 dxe4 6. fxe4 e5 7. d5 Bc5 8. Nf3
Qd6 9. Bd3 O-O 10. Qe2 Bg4 11. h3 Bd7 12. g4 c6 13. Bh6 Rc8 14. O-O-O Bb4 15.
Bd2 Na6 16. Kb1 Re8 17. Rhf1 cxd5 18. cxd5 Nc5 19. Bc2 Re7 20. a3 a5 21. Qe3
Bxc3 22. Bxc3 Ba4 23. Bxe5 Rxe5 24. Nxe5 Bxc2+ 25. Kxc2 Rc8 26. Nxf7 Qe7 27.
Kb1 Ncxe4 28. Nh6+ Kg7 29. Rfe1 Rc3 30. Qd4 Kxh6 31. bxc3 Nxd5 32. Qxd5 Nxc3+
33. Kc2 Qxe1 34. g5+ 1-0